00940nam a2200253Ia 4500003000400000005001700004008004100021020001800062040001800080041000800098082002100106100002800127245010200155250001200257260005800269300002900327650003000356651003700386651002600423651002400449942003000473999001900503952016400522OSt20231011145807.0210716s2012 xx 000 0 und d a9780007301676 cAIMIT LIBRARY aeng a374.22 21bCANJ aCanfield, Jack.9137468 aSuccess principles : bhow to get from where you are to where you want to be /cBy Jack Canfield. a1st ed. aNew Delhi :bHarper Collins Publishers India ,c2012. axxiii,473p. ;bPBc23 cm aGeneral Knowledge9137469 aBe clear why you're here9137470 aChunk it down9137471 aTake action9137472 2ddccBKe1stk374.22 CANJ c208091d208091 00102ddc40708MBAaAIMITbAIMITd2013-09-21g599.00iBill no:1715; Bill dt:2013-09-06l0o374.22 CANJpMBA10657r2026-05-23 00:00:00v449.25w2021-07-16yBK